000 00326nam a2200133Ia 4500
005 20251222144852.0
008 251222s9999||||xx |||||||||||||| ||spa||
020 _a84-368-0216-0
082 _a338.064/M81
100 _aMoreno Zayas, José
245 0 _aTecnología e Industrialización
264 _bPirámide
942 _cLIB
999 _c21643
_d21643